• 首页
  • 本馆介绍
  • 公告通知
  • 最新文献
  • 馆藏检索
  • 电子资源
  • 读者荐购
  • 参考咨询
  • CALIS
  • 我的图书馆
  • 登录
  • 详细信息显示
  • 放入我的书架
  • 预约/预借图书
  • 作者相关作品
  • 分类相关作品
  • 丛书相关作品
  • 出版社相关作品

书目信息

  • 表格格式
  • 工作单格式
  • 卡片格式
题名:
电气工程专业英语
    
 
作者: ;陈雪丽
分册:  
出版信息: 北京   机械工业出版社  2005.06
页数: 250页
开本: 19cm
丛书名: 普通高等工科教育机电类规划教材
单 册:
中图分类: H319.4
科图分类: 41.687
主题词: 电气工业--英语--教材
电子资源:
ISBN: 7-111-05921-2
 
 
 
 
 
000 00737cam 2200253 450
001 CAL 012000488718
005 20060602163730.64
010    @a7-111-05921-2@dCNY 11.00
099    @aCAL 012000488718@aCAL 012001030107
100    @a19981217d2005 m y0chiy0121 ea
101 0  @achi
102    @aCN@b110000
200 1  @a电气工程专业英语@Adianqi gongcheng zhuanye yingyu@f陈雪丽主编
210    @a北京@c机械工业出版社@d2005.06
215    @a250页@c图@d19cm
225 1  @a普通高等工科教育机电类规划教材
300    @a附: 参考文献
606 0  @a电气工业@x英语@j教材
690    @aH319.4@v4
692    @a41.687@v3
702  0 @a陈雪丽@AChen Xueli@c(英语)
801  0 @aCN@bSUDI@c20060602
905    @dH319.4@eC603
906    @dCNY 11.00@n3@r1
    
    电气工程专业英语/陈雪丽主编.-北京:机械工业出版社,2005.06
    250页:图;19cm.-(普通高等工科教育机电类规划教材)
    附: 参考文献
    
    ISBN 7-111-05921-2:CNY 11.00
    
●
相关链接 在E读中查询图书 在当当中查询图书 在豆瓣中查询图书


正题名:电气工程专业英语     索取号:H319.4/C603         预约/预借

序号 登录号 条形码 馆藏地/架位号 状态 备注
1 607189   206071891   语言库209/209语言库 80排3列3层/ [索取号:H319.4/C603] 在馆    
2 607190   206071908   语言库209/209语言库 44排4列2层/ [索取号:H319.4/C603] 在馆    
3 607191   206071917   语言库209/209语言库 44排4列2层/ [索取号:H319.4/C603] 在馆    
4 607192   206071926   语言库209/209语言库 44排4列2层/ [索取号:H319.4/C603] 在馆    
河南城建学院图书馆 欢迎您!
大连网信软件有限公司© 版权所有